[Event "IND-chB (Women) 34th"]
[Site "Hyderabad"]
[Date "2007.05.21"]
[Round "?"]
[White "Meghna, Kanitkar"]
[Black "Sahajasri, Cholleti"]
[Result "1-0"]
[WhiteElo "2164"]
[BlackElo "2009"]
[PlyCount "90"]
[EventDate "2007.05.21"]
[EventType "swiss"]
[EventRounds "11"]
[EventCountry "IND"]
[SourceTitle "EXT 2010"]
[Source "ChessBase"]
[SourceDate "2010.11.25"]
[SourceVersion "1"]
[SourceVersionDate "2010.11.25"]
[SourceQuality "1"]

1. e4 c5 2. Nf3 d6 3. d4 cxd4 4. Nxd4 Nf6 5. Nc3 a6 6. Bg5 e6 7. f4 Nc6 8. Nxc6 bxc6 9. Qf3 Be7 10. 0-0-0 Qb6 11. Kb1 Rb8 12. b3 h6 13. Bh4 d5 14. e5 Ng8 15. Bf2 c5 16. Qg3 g6 17. f5 g5 18. f6 Bf8 19. h4 d4 20. Na4 Qb4 21. Nb2 gxh4 22. Rxh4 h5 23. Be2 Nh6 24. Rxh5 Nf5 25. Qg5 Rxh5 26. Bxh5 a5 27. Bxf7+ Kd7 28. Bxe6+ Kxe6 29. Qg8+ Kd7 30. Qxf8 Kc6 31. Qf7 Rb7 32. Qc4 Qxc4 33. Nxc4 Ra7 34. g4 Nh6 35. g5 Ng4 36. g6 Be6 37. f7 Bxf7 38. gxf7 Rxf7 39. Bh4 Kd5 40. Re1 Rh7 41. Bd8 a4 42. e6 Ne3 43. Nxe3+ dxe3 44. e7 Rh8 45. Rxe3 a3 1-0

[Event "IND-chB (Women) 34th"]
[Site "Hyderabad"]
[Date "2007.05.21"]
[Round "?"]
[White "Meghna, Kanitkar"]
[Black "Sahajasri, Cholleti"]
[Result "1-0"]
[WhiteElo "2164"]
[BlackElo "2009"]
[PlyCount "81"]
[EventDate "2007.05.21"]
[EventType "swiss"]
[EventRounds "11"]
[EventCountry "IND"]
[SourceTitle "EXT 2010"]
[Source "ChessBase"]
[SourceDate "2010.11.25"]
[SourceVersion "1"]
[SourceVersionDate "2010.11.25"]
[SourceQuality "1"]

1. e4 d6 2. d4 Nf6 3. Nc3 g6 4. Nf3 Bg7 5. Bd3 0-0 6. 0-0 c5 7. d5 Bg4 8. h3 Bxf3 9. Qxf3 Nbd7 10. Bf4 Nh5 11. Bh2 Ne5 12. Bxe5 Bxe5 13. Ne2 Qd7 14. c3 e6 15. g4 Ng7 16. Ng3 exd5 17. exd5 Bxg3 18. fxg3 f5 19. gxf5 Nxf5 20. Bxf5 Rxf5 21. Qg2 Raf8 22. g4 Rxf1+ 23. Rxf1 Rxf1+ 24. Qxf1 Qe7 25. Qd3 Kg7 26. Kf2 g5 27. b4 cxb4 28. cxb4 Qf6+ 29. Qf3 Qb2+ 30. Kg3 Qxb4 31. Qe3 Qf4+ 32. Qxf4 gxf4+ 33. Kxf4 Kg6 34. h4 h6 35. Ke4 Kf6 36. a4 a6 37. a5 Kg6 38. Kf4 Kf6 39. g5+ hxg5+ 40. hxg5+ Kg6 41. Kg4 1-0